[Event "Southwest op 85th"]
[Site "Irving"]
[Date "2019.08.30"]
[Round "2"]
[White "Preotu, Razvan"]
[Black "Yanovsky, Vladimir"]
[Result "1/2-1/2"]
[WhiteElo "2494"]
[BlackElo "2135"]
[PlyCount "75"]
[EventDate "2019.08.29"]
[EventType "swiss"]
[EventRounds "9"]
[EventCountry "USA"]
[SourceTitle "EXT 2020"]
[Source "ChessBase"]
[SourceDate "2019.10.17"]
[SourceVersion "1"]
[SourceVersionDate "2019.10.17"]
[SourceQuality "1"]

1. e4 c5 2. Nf3 e6 3. d4 cxd4 4. Nxd4 a6 5. Nc3 b5 6. Bd3 d6 7. 0-0 Nf6 8. Qe1 Qb6 9. Nf3 Be7 10. a4 b4 11. a5 Qb7 12. Na4 Nbd7 13. Bd2 Rb8 14. e5 dxe5 15. Nxe5 0-0 16. f4 Nxe5 17. fxe5 Nd7 18. Qg3 Qd5 19. Rae1 Bb7 20. Bh6 Qxg2+ 21. Qxg2 Bxg2 22. Kxg2 gxh6 23. Bxa6 Ra8 24. Bb5 Nb8 25. c4 bxc3 26. Nxc3 Rxa5 27. Ra1 Rxa1 28. Rxa1 Kg7 29. Ne4 Rd8 30. Ra7 Bf8 31. Kf3 Kg6 32. Kf4 h5 33. Rb7 Bh6+ 34. Kf3 Bg7 35. Kf4 Bh6+ 36. Kf3 Bg7 37. Kf4 Rd5 38. Nf6 1/2-1/2

[Event "Southwest op 85th"]
[Site "Irving"]
[Date "2019.08.29"]
[Round "1"]
[White "Yanovsky, Vladimir"]
[Black "Berczes, David"]
[Result "0-1"]
[WhiteElo "2135"]
[BlackElo "2478"]
[PlyCount "79"]
[EventDate "2019.08.29"]
[EventType "swiss"]
[EventRounds "9"]
[EventCountry "USA"]
[SourceTitle "EXT 2020"]
[Source "ChessBase"]
[SourceDate "2019.10.17"]
[SourceVersion "1"]
[SourceVersionDate "2019.10.17"]
[SourceQuality "1"]

1. e4 e6 2. d4 d5 3. Nd2 c5 4. Ngf3 cxd4 5. Nxd4 Nc6 6. Bb5 Bd7 7. Nxc6 bxc6 8. Bd3 Qc7 9. 0-0 Bd6 10. h3 Ne7 11. b3 0-0 12. Qh5 f5 13. exf5 Nxf5 14. Bb2 e5 15. c4 e4 16. Bc2 Bc5 17. b4 Bxb4 18. Rad1 Be6 19. Nb3 Bd6 20. Nd4 Nxd4 21. Bxd4 Rf5 22. Qe2 Rg5 23. Kh1 Bf7 24. Qd2 Rh5 25. Qc3 c5 26. Bxg7 d4 27. Bxd4 cxd4 28. Qxd4 Qxc4 29. Qxd6 Qxc2 30. Qg3+ Bg6 31. Rd7 Rf5 32. Rfd1 Raf8 33. Qd6 Qxa2 34. Rc1 R5f7 35. Rxf7 Qxf7 36. Rc7 Qf6 37. Qd5+ Kh8 38. Rxa7 Qxf2 39. Qe5+ Qf6 40. Qf5 0-1

[Event "Space Coast op 25th"]
[Site "Cocoa Beach"]
[Date "2018.04.28"]
[Round "2"]
[White "Yanovsky, Vladimir"]
[Black "Li, Ruifeng"]
[Result "0-1"]
[WhiteElo "2112"]
[BlackElo "2585"]
[PlyCount "82"]
[EventDate "2018.04.27"]
[EventType "swiss"]
[EventRounds "5"]
[EventCountry "USA"]
[SourceTitle "CBM 184 Extra"]
[Source "ChessBase"]
[SourceDate "2018.06.28"]
[SourceVersion "1"]
[SourceVersionDate "2018.06.28"]
[SourceQuality "1"]

1. e4 c5 2. Nf3 d6 3. d4 cxd4 4. Nxd4 Nf6 5. Nc3 a6 6. h3 e6 7. g4 h6 8. Bg2 Be7 9. Be3 Nc6 10. 0-0 0-0 11. f4 Nd7 12. Nf3 b5 13. g5 hxg5 14. Nxg5 Nde5 15. Qh5 Bxg5 16. fxg5 Qe7 17. Nd1 Ng6 18. Nf2 e5 19. Ng4 Bxg4 20. Qxg4 Nd4 21. Rf2 Ne6 22. h4 Ngf4 23. a4 g6 24. Bf1 Qb7 25. Ra3 bxa4 26. Rxa4 Qxb2 27. Rxa6 Rxa6 28. Bxa6 Ra8 29. Bc4 Ra1+ 30. Kh2 Qb1 31. Bf1 Qe1 32. Qf3 Qb1 33. Qg4 Kg7 34. Qf3 Ra8 35. Bc4 Nxg5 36. Qg4 Nxe4 37. Qd7 Rf8 38. Rxf4 Qxc2+ 39. Kh3 exf4 40. Bd4+ Kh7 41. Qe7 Qxc4 0-1

[Event "Philadelphia op 12th"]
[Site "Philadelphia"]
[Date "2018.04.01"]
[Round "8"]
[White "Kretchetov, Alexandre"]
[Black "Yanovsky, Vladimir"]
[Result "1/2-1/2"]
[WhiteElo "2244"]
[BlackElo "2112"]
[PlyCount "49"]
[EventDate "2018.03.28"]
[EventType "swiss"]
[EventRounds "9"]
[EventCountry "USA"]
[SourceTitle "CBM 183 Extra"]
[Source "ChessBase"]
[SourceDate "2018.04.19"]
[SourceVersion "1"]
[SourceVersionDate "2018.04.19"]
[SourceQuality "1"]

1. Nf3 d5 2. d4 c6 3. c4 e6 4. Qc2 Bd6 5. Bg5 Nf6 6. Nbd2 0-0 7. e3 Nbd7 8. Bd3 h6 9. Bh4 e5 10. cxd5 cxd5 11. Bg3 Qe7 12. dxe5 Nxe5 13. Nxe5 Bxe5 14. Bxe5 Qxe5 15. Nf3 Qe7 16. 0-0 Bg4 17. Nd4 Rac8 18. Qb3 Be6 19. Rfc1 Ng4 20. Be2 Ne5 21. Qa4 a6 22. b3 Qf6 23. Qb4 Nc6 24. Nxc6 Rxc6 25. Qd4 1/2-1/2

[Event "Philadelphia op 12th"]
[Site "Philadelphia"]
[Date "2018.03.30"]
[Round "5"]
[White "Yanovsky, Vladimir"]
[Black "Peng, Shunkai"]
[Result "1-0"]
[WhiteElo "2112"]
[BlackElo "2291"]
[PlyCount "125"]
[EventDate "2018.03.28"]
[EventType "swiss"]
[EventRounds "9"]
[EventCountry "USA"]
[SourceTitle "CBM 183 Extra"]
[Source "ChessBase"]
[SourceDate "2018.04.19"]
[SourceVersion "1"]
[SourceVersionDate "2018.04.19"]
[SourceQuality "1"]

1. e4 c5 2. Nf3 d6 3. d4 cxd4 4. Nxd4 Nf6 5. Nc3 a6 6. h3 g6 7. g4 Bg7 8. Bg2 h5 9. g5 Nfd7 10. Be3 Nc6 11. 0-0 0-0 12. Kh1 Nb6 13. Nde2 Rb8 14. f4 Nc4 15. Bc1 e6 16. b3 Qa5 17. e5 Na3 18. Bxa3 Qxa3 19. Qxd6 Qxd6 20. exd6 Bd7 21. Rad1 Rfc8 22. Na4 b6 23. c3 Na5 24. Nb2 Bxc3 25. Nxc3 Rxc3 26. Rc1 Rbc8 27. Rxc3 Rxc3 28. Rd1 Kf8 29. Nd3 Nc6 30. Nf2 Ke8 31. Rd2 Kd8 32. Ne4 Rc1+ 33. Kh2 Nb4 34. Nf6 a5 35. a3 Rc2 36. Ne4 Rxd2 37. Nxd2 Nc2 38. a4 Nd4 39. Be4 b5 40. axb5 Bxb5 41. Bf3 Kd7 42. Bd1 Bd3 43. Kg3 Kxd6 44. Kf2 Kd5 45. Ke3 Bf1 46. Nxf1 e5 47. fxe5 Kxe5 48. Nd2 Nf5+ 49. Kd3 Kf4 50. Nc4 Kg3 51. Nxa5 Kxh3 52. b4 Kg3 53. b5 Nd6 54. b6 h4 55. Bb3 Kf4 56. Bd5 Ke5 57. Bh1 Ke6 58. Nc4 Kd7 59. Nxd6 Kxd6 60. Kd4 h3 61. b7 Kc7 62. Ke5 h2 63. Kf6 1-0

[Event "Titled Tuesday intern op 6th Sept"]
[Site "Chess.com INT"]
[Date "2016.09.06"]
[Round "8"]
[White "Alice, Mateus Felizardo Vi"]
[Black "Yanovsky, Vladimir"]
[Result "1/2-1/2"]
[WhiteElo "2124"]
[BlackElo "2067"]
[PlyCount "71"]
[EventDate "2016.09.06"]
[EventType "swiss (blitz)"]
[EventRounds "9"]
[EventCountry "USA"]
[SourceTitle "EXT 2021"]
[Source "ChessBase"]
[SourceDate "2020.10.23"]
[SourceVersion "1"]
[SourceVersionDate "2020.10.23"]
[SourceQuality "1"]

1. e4 c5 2. Nf3 e6 3. d4 cxd4 4. Nxd4 a6 5. Bd3 Nf6 6. 0-0 d6 7. Kh1 Be7 8. f4 Nc6 9. Nxc6 bxc6 10. Qf3 0-0 11. Nc3 e5 12. f5 Bb7 13. g4 d5 14. g5 Nxe4 15. Nxe4 dxe4 16. Bxe4 Bxg5 17. Bxg5 Qxg5 18. Rg1 Qf6 19. Rg2 Rad8 20. Rag1 g6 21. fxg6 fxg6 22. Qh3 Bc8 23. Qh6 Bf5 24. Bxf5 Qxf5 25. Rxg6+ hxg6 26. Rxg6+ Kf7 27. Rg7+ Ke8 28. Qxc6+ Rd7 29. Qc8+ Rd8 30. Qc6+ Rd7 31. Qc8+ Rd8 32. Qc6+ Rd7 33. Qc8+ Rd8 34. Qc6+ Rd7 35. Qc8+ Rd8 36. Qc6+ 1/2-1/2

[Event "Titled Tuesday intern op 6th Sept"]
[Site "Chess.com INT"]
[Date "2016.09.06"]
[Round "5"]
[White "Yanovsky, Vladimir"]
[Black "Protopopova, Anastasiya"]
[Result "1-0"]
[WhiteElo "2067"]
[BlackElo "2108"]
[PlyCount "63"]
[EventDate "2016.09.06"]
[EventType "swiss (blitz)"]
[EventRounds "9"]
[EventCountry "USA"]
[SourceTitle "EXT 2021"]
[Source "ChessBase"]
[SourceDate "2020.10.23"]
[SourceVersion "1"]
[SourceVersionDate "2020.10.23"]
[SourceQuality "1"]

1. e4 e5 2. Nf3 Nc6 3. d4 exd4 4. Nxd4 Bc5 5. Nb3 Bb6 6. Nc3 Nf6 7. Bg5 h6 8. Bh4 d6 9. Qe2 Qe7 10. 0-0-0 g5 11. Bg3 Be6 12. Kb1 0-0-0 13. f3 Ne5 14. Nd4 Bd7 15. Qd2 Rhg8 16. Bb5 h5 17. Bxd7+ Nfxd7 18. Nf5 Qe6 19. Nd5 h4 20. Nde7+ Kb8 21. Nxg8 hxg3 22. Nge7 Nc4 23. Qd5 Re8 24. hxg3 Nf6 25. Qb5 a6 26. Qb3 Nd7 27. Nd5 Na5 28. Qc3 Nc6 29. Nxb6 Nxb6 30. Ng7 Qe7 31. Nxe8 Qxe8 32. Rh8 1-0

[Event "US Masters op"]
[Site "Greensboro"]
[Date "2016.08.25"]
[Round "1"]
[White "Mulyar, Michael A"]
[Black "Yanovsky, Vladimir"]
[Result "1-0"]
[WhiteElo "2388"]
[BlackElo "2067"]
[PlyCount "31"]
[EventDate "2016.08.25"]
[EventType "swiss"]
[EventRounds "9"]
[EventCountry "USA"]
[SourceTitle "CBM 174 Extra"]
[Source "ChessBase"]
[SourceDate "2016.10.10"]
[SourceVersion "1"]
[SourceVersionDate "2016.10.10"]
[SourceQuality "1"]

1. d4 Nf6 2. Nf3 g6 3. c4 Bg7 4. g3 0-0 5. Bg2 d6 6. 0-0 Nc6 7. Nc3 Rb8 8. h3 a6 9. e4 Na5 10. Qe2 c5 11. dxc5 dxc5 12. Bf4 Ra8 13. Rad1 Qe8 14. e5 Nh5 15. Bd2 Bh8 16. Nd5 1-0

[Event "Space Coast op 23rd"]
[Site "Cocoa Beach"]
[Date "2016.04.22"]
[Round "1"]
[White "Yanovsky, Vladimir"]
[Black "Belous, Vladimir"]
[Result "1/2-1/2"]
[WhiteElo "2037"]
[BlackElo "2568"]
[PlyCount "49"]
[EventDate "2016.04.22"]
[EventType "swiss"]
[EventRounds "5"]
[EventCountry "USA"]
[SourceTitle "CBM 172 Extra"]
[Source "ChessBase"]
[SourceDate "2016.06.21"]
[SourceVersion "1"]
[SourceVersionDate "2016.06.21"]
[SourceQuality "1"]

1. e4 c5 2. Nf3 Nc6 3. d4 cxd4 4. Nxd4 e5 5. Nb5 d6 6. a4 Nf6 7. Bg5 a6 8. N5c3 Be7 9. Nd2 0-0 10. Bxf6 Bxf6 11. Nc4 Nd4 12. Nd5 Bg4 13. Qxg4 Nxc2+ 14. Kd1 Nxa1 15. Ncb6 Kh8 16. Nxa8 Qxa8 17. Nxf6 gxf6 18. Qf3 Rc8 19. Qxf6+ Kg8 20. h4 Nb3 21. Rh3 Rc1+ 22. Ke2 Rc2+ 23. Kd1 Rc1+ 24. Ke2 Rc2+ 25. Kd1 1/2-1/2

[Event "USA tt"]
[Site "ICC INT"]
[Date "2015.10.27"]
[Round "10"]
[White "Shi, Jason"]
[Black "Yanovsky, Vladimir"]
[Result "1-0"]
[WhiteElo "2057"]
[BlackElo "2038"]
[PlyCount "133"]
[EventDate "2015.08.25"]
[EventType "team-swiss"]
[EventRounds "10"]
[EventCountry "USA"]
[SourceTitle "EXT 2017"]
[Source "ChessBase"]
[SourceDate "2016.10.25"]
[SourceVersion "1"]
[SourceVersionDate "2016.10.25"]
[SourceQuality "1"]
[WhiteTeam "Connecticut"]
[BlackTeam "Miami"]
[WhiteTeamCountry "USA"]
[BlackTeamCountry "USA"]

1. d4 Nf6 2. c4 g6 3. Nc3 Bg7 4. e4 d6 5. Nf3 0-0 6. Be2 Bg4 7. 0-0 Nfd7 8. Ne1 Bxe2 9. Nxe2 c5 10. Be3 Nc6 11. Rc1 cxd4 12. Nxd4 Nc5 13. f3 Qa5 14. Rf2 Nxd4 15. Bxd4 Bh6 16. Rb1 Ne6 17. b4 Qc7 18. Rc2 Nxd4 19. Qxd4 Rfc8 20. Nd3 Qb6 21. Qxb6 axb6 22. Kf2 Ra3 23. Rb3 Rxb3 24. axb3 Ra8 25. c5 bxc5 26. bxc5 Ra3 27. cxd6 exd6 28. Rc3 Bd2 29. Rc2 Ba5 30. b4 Bb6+ 31. Ke2 Kg7 32. Nf4 Ra1 33. Nd5 Bg1 34. h3 b6 35. Kd3 Kh6 36. Kc4 Kg5 37. g3 Rf1 38. Rc3 Bf2 39. f4+ Kh6 40. Ne3 Bxe3 41. Rxe3 Rh1 42. g4 Rf1 43. Kb5 Rxf4 44. Kxb6 d5 45. exd5 Rxb4+ 46. Kc5 Rb1 47. d6 Rc1+ 48. Kd5 Rd1+ 49. Kc6 Rc1+ 50. Kd7 f5 51. Ke7 Rd1 52. d7 fxg4 53. hxg4 Kg5 54. d8Q Rxd8 55. Kxd8 Kxg4 56. Ke7 h5 57. Kf6 h4 58. Re4+ Kg3 59. Kg5 h3 60. Re3+ Kg2 61. Kg4 h2 62. Re2+ Kg1 63. Kg3 h1N+ 64. Kf3 g5 65. Rd2 g4+ 66. Kxg4 Nf2+ 67. Kf3 1-0

[Event "USA tt"]
[Site "ICC INT"]
[Date "2015.09.22"]
[Round "5"]
[White "Yanovsky, Vladimir"]
[Black "Ostrovskiy, Aleksandr A"]
[Result "0-1"]
[WhiteElo "2038"]
[BlackElo "2401"]
[PlyCount "68"]
[EventDate "2015.08.25"]
[EventType "team-swiss"]
[EventRounds "10"]
[EventCountry "USA"]
[SourceTitle "EXT 2016"]
[Source "ChessBase"]
[SourceDate "2015.10.08"]
[SourceVersion "1"]
[SourceVersionDate "2015.10.08"]
[SourceQuality "1"]
[WhiteTeam "Miami"]
[BlackTeam "Manhattan"]
[WhiteTeamCountry "USA"]
[BlackTeamCountry "USA"]

1. e4 c6 2. d4 d5 3. exd5 cxd5 4. c4 Nf6 5. Nc3 g6 6. Qb3 Bg7 7. cxd5 0-0 8. Be2 a5 9. Bf3 Na6 10. Nge2 Nb4 11. 0-0 Bf5 12. d6 exd6 13. Bg5 Qd7 14. Qa4 Qxa4 15. Nxa4 Ne4 16. Bf4 Nd5 17. Bxd6 Nxd6 18. Bxd5 Rfe8 19. Rfe1 Rac8 20. Nac3 b5 21. a4 b4 22. Nb5 Nxb5 23. axb5 Bd3 24. Bf3 Bxb5 25. b3 Rc2 26. Nf4 Rxe1+ 27. Rxe1 Bxd4 28. Nh3 a4 29. bxa4 Bxa4 30. Be4 Rd2 31. g3 b3 32. Kg2 b2 33. Bb1 Bc6+ 34. Kf1 g5 0-1

[Event "USA tt"]
[Site "ICC INT"]
[Date "2015.09.08"]
[Round "3"]
[White "Colas, Joshua"]
[Black "Yanovsky, Vladimir"]
[Result "1/2-1/2"]
[WhiteElo "2202"]
[BlackElo "2038"]
[PlyCount "116"]
[EventDate "2015.08.25"]
[EventType "team-swiss"]
[EventRounds "10"]
[EventCountry "USA"]
[SourceTitle "EXT 2016"]
[Source "ChessBase"]
[SourceDate "2015.10.08"]
[SourceVersion "1"]
[SourceVersionDate "2015.10.08"]
[SourceQuality "1"]
[WhiteTeam "Connecticut"]
[BlackTeam "Miami"]
[WhiteTeamCountry "USA"]
[BlackTeamCountry "USA"]

1. d4 Nf6 2. Nf3 e6 3. e3 c5 4. Bd3 b6 5. 0-0 Bb7 6. c3 d5 7. Ne5 Nbd7 8. f4 Be7 9. Nd2 0-0 10. Qe2 Ne4 11. Nxe4 dxe4 12. Bc4 Nf6 13. f5 exf5 14. Rxf5 Bd5 15. Bxd5 Qxd5 16. Ng6 Qd7 17. Nxe7+ Qxe7 18. Bd2 Nd7 19. Raf1 g6 20. R5f4 f5 21. Qc4+ Qf7 22. Qa6 Qd5 23. c4 Qd6 24. Bc3 cxd4 25. exd4 Nf6 26. Qb5 Ng4 27. Qb3 Rad8 28. g3 Rf7 29. c5 Qd5 30. Qxd5 Rxd5 31. cxb6 axb6 32. Re1 Nf6 33. Rf2 Rdd7 34. h3 Nd5 35. Bd2 Rc7 36. Bh6 Rc4 37. g4 Rxd4 38. Rc1 Ne7 39. Rc7 Rd8 40. Rb7 Nd5 41. Rxf7 Kxf7 42. gxf5 gxf5 43. Rxf5+ Kg6 44. Rf8 Rxf8 45. Bxf8 Kf5 46. Kf2 Nf4 47. Ke3 Nxh3 48. Bd6 Ng5 49. a4 Nf7 50. Bc7 Ne5 51. b3 Nd7 52. Kd4 Nc5 53. Bxb6 Nxb3+ 54. Kc3 Ke6 55. Kxb3 Kd7 56. Kc4 Kc6 57. Bf2 Kb7 58. Kd4 Ka6 1/2-1/2

[Event "USA tt"]
[Site "ICC INT"]
[Date "2015.08.25"]
[Round "1"]
[White "Yanovsky, Vladimir"]
[Black "Checa, Nicolas D"]
[Result "0-1"]
[WhiteElo "2038"]
[BlackElo "2362"]
[PlyCount "144"]
[EventDate "2015.08.25"]
[EventType "team-swiss"]
[EventRounds "10"]
[EventCountry "USA"]
[SourceTitle "EXT 2016"]
[Source "ChessBase"]
[SourceDate "2015.10.08"]
[SourceVersion "1"]
[SourceVersionDate "2015.10.08"]
[SourceQuality "1"]
[WhiteTeam "Miami"]
[BlackTeam "New York"]
[WhiteTeamCountry "USA"]
[BlackTeamCountry "USA"]

1. e4 e6 2. d4 d5 3. Nd2 Nc6 4. Ngf3 Nf6 5. e5 Nd7 6. Bb5 a6 7. Bxc6 bxc6 8. c4 a5 9. 0-0 Be7 10. Qc2 Ba6 11. Re1 0-0 12. b3 Re8 13. Nf1 dxc4 14. bxc4 c5 15. d5 exd5 16. cxd5 Nb6 17. e6 f6 18. Ne3 Nxd5 19. Nxd5 Qxd5 20. Bf4 Bd3 21. Qa4 c6 22. Rad1 c4 23. Rc1 Bb4 24. Bd2 Bf8 25. Bc3 Qb5 26. Qd1 Ba3 27. Ra1 Qd5 28. Nd4 Bb4 29. Qc1 c5 30. Nb5 Qc6 31. a4 Rad8 32. Qe3 Bg6 33. Qf4 Rxe6 34. Qxc4 Bf7 35. Qg4 Rde8 36. Rxe6 Qxe6 37. Qg3 Bxc3 38. Qxc3 Qe5 39. h3 Qxc3 40. Nxc3 Rd8 41. Rb1 Be8 42. Rb7 Rd3 43. Ne4 c4 44. Rc7 Rd4 45. Nc5 h5 46. Rc8 Kf7 47. Rc7+ Kg8 48. Rc8 Kf7 49. Rc7+ Kg6 50. Ne6 Rd1+ 51. Kh2 Bxa4 52. g4 hxg4 53. hxg4 Bb3 54. f4 f5 55. g5 Kh5 56. Nxg7+ Kg4 57. g6 Rd2+ 58. Kg1 Rd6 59. Rc5 Rxg6 60. Nxf5 a4 61. Kf2 Kxf4 62. Ne3 a3 63. Ra5 a2 64. Nd5+ Ke4 65. Nc3+ Kd3 66. Nxa2 Bxa2 67. Rxa2 c3 68. Ra8 c2 69. Rd8+ Kc3 70. Rc8+ Kd2 71. Rd8+ Kc1 72. Ke2 Rb6 0-1

[Event "Las Vegas National op"]
[Site "Las Vegas"]
[Date "2015.06.19"]
[Round "2"]
[White "Kiewra, Keaton F"]
[Black "Yanovsky, Vladimir"]
[Result "1-0"]
[WhiteElo "2409"]
[BlackElo "2065"]
[PlyCount "75"]
[EventDate "2015.06.19"]
[EventType "swiss"]
[EventRounds "6"]
[EventCountry "USA"]
[SourceTitle "CBM 167 Extra"]
[Source "ChessBase"]
[SourceDate "2015.09.14"]
[SourceVersion "1"]
[SourceVersionDate "2015.09.14"]
[SourceQuality "1"]

1. d4 d5 2. Bf4 Nf6 3. e3 e6 4. Nf3 c5 5. c3 Nc6 6. Bd3 Qb6 7. b3 Be7 8. h3 0-0 9. 0-0 Bd7 10. Nbd2 Rac8 11. Ne5 Be8 12. Qe2 cxd4 13. exd4 Nxe5 14. dxe5 Nd7 15. c4 Nc5 16. Bc2 Bc6 17. Rab1 a5 18. cxd5 exd5 19. Rfe1 Bb5 20. Qe3 Qa6 21. Rbc1 Ne6 22. a4 Bc6 23. Bd3 d4 24. Qg3 b5 25. Ne4 Bxe4 26. axb5 Qb6 27. Rxe4 Nc5 28. Rxd4 Nxb3 29. Rxc8 Nxd4 30. Rxf8+ Bxf8 31. Qe3 a4 32. Qe4 g6 33. Qa8 a3 34. Bh6 Qc5 35. b6 a2 36. b7 Nc6 37. Bxf8 Qc1+ 38. Bf1 1-0

[Event "USA tt"]
[Site "ICC INT"]
[Date "2014.09.30"]
[Round "6"]
[White "Yanovsky, Vladimir"]
[Black "Harris, Ian"]
[Result "1-0"]
[WhiteElo "2049"]
[BlackElo "2122"]
[PlyCount "83"]
[EventDate "2014.08.26"]
[EventType "team-tourn"]
[EventRounds "10"]
[EventCountry "USA"]
[SourceTitle "CBM 162 Extra"]
[Source "ChessBase"]
[SourceDate "2014.10.17"]
[SourceVersion "1"]
[SourceVersionDate "2014.10.17"]
[SourceQuality "1"]
[WhiteTeam "Miami"]
[BlackTeam "Connecticut"]
[WhiteTeamCountry "USA"]
[BlackTeamCountry "USA"]

1. e4 e5 2. Nf3 Nc6 3. d4 exd4 4. Nxd4 Bc5 5. Nb3 Bb6 6. Nc3 Nf6 7. Bg5 Qe7 8. Qe2 Qe6 9. 0-0-0 0-0 10. f3 d6 11. Kb1 Bd7 12. g4 Nxg4 13. fxg4 Qg6 14. Qd2 Bxg4 15. Be2 Bxe2 16. Nxe2 Qxe4 17. Nc3 Qg4 18. Nd5 Ne5 19. Qf4 Qe6 20. Qg3 f6 21. Be3 Rf7 22. Rhg1 Kh8 23. Nf4 Qe7 24. Bxb6 axb6 25. Nd4 Qd7 26. h4 Qa4 27. a3 Qd7 28. h5 b5 29. Qb3 Ra5 30. Ng6+ Kg8 31. Nf5 hxg6 32. hxg6 Qxf5 33. gxf7+ Nxf7 34. Rdf1 Qd7 35. Rxf6 Ra8 36. Rfg6 Re8 37. Rxg7+ Kf8 38. Rg8+ Ke7 39. Re1+ Ne5 40. Rg7+ Kd8 41. Rxd7+ Kxd7 42. Qxb5+ 1-0

[Event "US Open-115"]
[Site "Orlando"]
[Date "2014.08.03"]
[Round "9"]
[White "Yanovsky, Vladimir"]
[Black "Biyiasas, Theodore A"]
[Result "0-1"]
[WhiteElo "2049"]
[BlackElo "1910"]
[PlyCount "132"]
[EventDate "2014.07.26"]
[EventType "swiss"]
[EventRounds "9"]
[EventCountry "USA"]
[SourceTitle "CBM 161 Extra"]
[Source "ChessBase"]
[SourceDate "2014.08.29"]
[SourceVersion "1"]
[SourceVersionDate "2014.08.29"]
[SourceQuality "1"]

1. e4 e5 2. Nf3 Nc6 3. d4 exd4 4. Nxd4 Qf6 5. Nb3 Qg6 6. Qe2 Nf6 7. f3 Be7 8. Nc3 0-0 9. Be3 d5 10. exd5 Nb4 11. 0-0-0 Bf5 12. Nd4 Nfxd5 13. Nxd5 Nxd5 14. Nxf5 Qxf5 15. Bd4 c5 16. Bf2 Rfe8 17. Qb5 Nb4 18. Bd3 Nxd3+ 19. Qxd3 Qg5+ 20. Kb1 Qxg2 21. Bg3 Bf6 22. Qf5 Rad8 23. Rdg1 Qe2 24. Bc7 Bd4 25. Rd1 g6 26. Qg4 f5 27. Qh3 Rd7 28. Bf4 Rde7 29. Bg5 Re6 30. Bc1 Qb5 31. Qf1 Re2 32. Rd2 a6 33. b3 Rxd2 34. Qxb5 axb5 35. Bxd2 Re2 36. Kc1 b4 37. Kd1 Rf2 38. f4 Kf7 39. h3 Kf6 40. Ke1 Rg2 41. Kd1 h6 42. h4 Rg1+ 43. Rxg1 Bxg1 44. Ke2 Ke6 45. c3 bxc3 46. Bxc3 Kd5 47. Kd3 Bf2 48. Bg7 Bxh4 49. Bxh6 Bf6 50. Ke3 c4 51. bxc4+ Kxc4 52. Bf8 Kc3 53. Bd6 Bd4+ 54. Kf3 Kd3 55. Be5 b5 56. Kg3 Ke4 57. Bd6 Bf6 58. Bc7 g5 59. fxg5 Bxg5 60. Kf2 Be3+ 61. Ke2 f4 62. Bd6 f3+ 63. Kf1 Kd3 64. Be7 Kc2 65. a3 Kb3 66. Bd6 Kc4 0-1

[Event "US Open-115"]
[Site "Orlando"]
[Date "2014.07.31"]
[Round "6"]
[White "Yanovsky, Vladimir"]
[Black "Grabinsky, Aaron"]
[Result "0-1"]
[WhiteElo "2049"]
[BlackElo "2095"]
[PlyCount "73"]
[EventDate "2014.07.26"]
[EventType "swiss"]
[EventRounds "9"]
[EventCountry "USA"]
[SourceTitle "CBM 161 Extra"]
[Source "ChessBase"]
[SourceDate "2014.08.29"]
[SourceVersion "1"]
[SourceVersionDate "2014.08.29"]
[SourceQuality "1"]

1. e4 e6 2. d4 d5 3. Nd2 a6 4. Ngf3 Nf6 5. e5 Nfd7 6. Bd3 c5 7. c3 Nc6 8. 0-0 Be7 9. Re1 g5 10. c4 g4 11. cxd5 exd5 12. e6 fxe6 13. Ne5 Ndxe5 14. dxe5 h5 15. Bg6+ Kd7 16. f4 gxf3 17. Nxf3 b6 18. a3 h4 19. h3 Bb7 20. Bd2 Qg8 21. Bd3 Qg3 22. Qe2 Rhg8 23. Kh1 Raf8 24. Rf1 Bd8 25. Be1 Qg7 26. b4 c4 27. Bc2 Bc7 28. Bc3 d4 29. Rad1 d3 30. Bxd3 cxd3 31. Rxd3+ Kc8 32. Rfd1 Ne7 33. Nxh4 Nd5 34. Qc2 Nf4 35. Rd7 Qxd7 36. Rxd7 Kxd7 37. Nf3 0-1